000 00427nam a2200181Ia 4500
008 220531s9999 xx 000 0 und d
041 _aeng
082 _bSEN / DAS
100 _aSen, R. K. / Dasgupta, A.
_959454
245 _aManagement Of State Finance
250 _a1ST
260 _bDeep
_c2006
300 _a252
542 _d17-03-2006
650 _aEconomics
_959455
906 _d2005-2006
999 _c34012
_d34012